000 00906nam a2200277Ia 4500
003 OSt
005 20220930094450.0
006 a|||||r|||| 00| 0
007 ta
008 220926b |||||||| |||| 00| 0 eng d
024 _a72021
037 _cTheses
040 _aCRL
_cCRL
_beng
041 _2eng
_aeng
100 _aSinya Pura Au.
_9555636
110 _aUniversity of Delhi. Facutly of Social Sciences. Department of Social Work
_9555637
245 0 _aFood culture among apatani tribe in Arunachal Pradesh
260 _c2019
300 _a241p.
_ap.
_ccm.
650 _aSocial Work
_935789
700 _a Guite Nemthianngai Gu.
_9555638
700 _a Singla Pamela Gu.
_9543375
700 _aUniversity of Delhi. Facutly of Social Sciences. Department of Social Work
_9555639
942 _cDIS
_2CC
999 _c887168
_d887168